Statistics for 北京地铁关于城池、城门、城关的站名/地名

Click here to take the quiz!

General Stats

  • This quiz has been taken 89 times
    (75 since last reset)
  • The average score is 27 of 48

Answer Stats

1号线车站% Correct
东直门
93%
西直门
93%
东直门
93%
西直门
93%
西直门
93%
东直门
93%
前门
87%
前门
87%
天安门东
84%
天安门西
84%
宣武门
81%
宣武门
81%
崇文门
79%
崇文门
79%
朝阳门
78%
朝阳门
78%
复兴门
76%
建国门
76%
建国门
76%
复兴门
76%
阜成门
75%
和平门
57%
安定门
57%
健德门
54%
广安门内
51%
安贞门
50%
广渠门内
49%
北土城
49%
广渠门外
49%
北土城
49%
永定门外
46%
永定门外
46%
西土城
44%
西土城
44%
景风门
38%
景风门
38%
光熙门
31%
巩华城
26%
房山城关
25%
宛平城
25%
昌平东关
22%
通州北关
19%
潞城
19%
丽泽商务区
13%
通运门
13%
丽泽商务区
13%
良乡南关
12%
广阳城
9%

Score Distribution

Percentile by Number Answered

Percent of People with Each Score

Your Score History

You have not taken this quiz since the last reset